• 首页
  • 本馆介绍
  • 公告通知
  • 最新文献
  • 馆藏检索
  • 电子资源
  • 读者导购
  • 参考咨询
  • 我的图书馆
  • 登录
  • 详细信息显示
  • 放入我的书架
  • 预约/预借图书
  • 作者相关作品
  • 分类相关作品
  • 丛书相关作品
  • 出版社相关作品

书目信息

  • 表格格式
  • 工作单格式
  • 卡片格式
题名:
一战全史
    
 
作者: 徐谦 主编
分册:  
出版信息: 沈阳   辽海出版社  2018
页数: 216页
开本: 21cm
丛书名:
单 册:
中图分类: K143
科图分类:
主题词: 第一次世界大战--历史
电子资源:
ISBN: 978-7-5451-5214-2
000 00738nam0 2200217 450
001 2350920165
005 20231127183449.97
010    @a978-7-5451-5214-2@dCNY68.00
100    @a20200408d2018 em y0chiy50 ea
101 0  @achi
102    @aCN@b210000
105    @ay z 000yy
200 1  @a一战全史@Ayi zhan quan shi@e1914-1918@f徐谦主编
210    @a沈阳@c辽海出版社@d2018
215    @a216页@d21cm
330    @a本书不仅分析了战争形势和战略战术,介绍战役经过、主要将领、装备,更论及历史谜团和一战趣闻等,尽量还原这次世界大战的本来面目,生动述说这段血与泪、罪与罚、生与死交织悲剧历史。
606 0  @a第一次世界大战@x历史
690    @aK143@v5
701  0 @a徐谦@Axu qian@4主编
801  0 @aCN@b91MARC@c20200408
905    @aZUCC@dK143@e12
    
    一战全史:1914-1918/徐谦主编.-沈阳:辽海出版社,2018
    216页;21cm
    
    
    ISBN 978-7-5451-5214-2:CNY68.00
    本书不仅分析了战争形势和战略战术,介绍战役经过、主要将领、装备,更论及历史谜团和一战趣闻等,尽量还原这次世界大战的本来面目,生动述说这段血与泪、罪与罚、生与死交织悲剧历史。
●
相关链接 在五车中查询图书 在当当中查询图书 在豆瓣中查询图书


正题名:一战全史     索取号:K143/12         预约/预借

序号 登录号 条形码 馆藏地/架位号 状态 备注
1 2000992098   2000992098   315书库/四34架B面3层1列/ [索取号:K143/12] 在馆    
2 2000992099   2000992099   315书库/四34架B面3层1列/ [索取号:K143/12] 在馆    
3 2000992100   2000992100   315书库/四34架B面3层1列/ [索取号:K143/12] 在馆    
4 2000992101   2000992101   315书库/四34架B面3层1列/ [索取号:K143/12] 在馆    
5 2000992102   2000992102   315书库/四34架B面3层1列/ [索取号:K143/12] 在馆    
6 2000992103   2000992103   315书库/四34架B面3层1列/ [索取号:K143/12] 在馆    
山东省滨州职业学院图书馆 欢迎您!
大连网信软件有限公司© 版权所有